| 000 | 01068nam0a22003131 4500 | ||
|---|---|---|---|
| 001 | rc\3696898 | ||
| 005 | 20250610100908.0 | ||
| 021 |
_aRU _b[71-61213] |
||
| 035 | _a(NLR Aleph) 007852192 | ||
| 090 |
_a7782592 _c7782592 |
||
| 100 | _a20130115d1971 |||y0rusy50 ca | ||
| 101 | 0 | _arus | |
| 102 | _aRU | ||
| 105 | _aa z ||||| | ||
| 200 | 1 |
_aГород Кохтла-Ярве и Кохтла-Ярвеский район _f[Текст О. Кирсс (сост.), Х. Иоонукса, Л. Пайос] |
|
| 210 |
_aТаллин _cЭэсти раамат _d1971 |
||
| 215 |
_a192 с. _cил. _d18 |
||
| 320 | _aСписок лит.: с. 191 (5 назв.) | ||
| 606 |
_aТуристские маршруты _yЭССР _2psbo |
||
| 607 |
_aЭССР _xГеография _2psbo |
||
| 607 |
_aКохтла-Ярве _xГеография _2psbo |
||
| 700 | 1 |
_aКирсс _bО. _gОдетте |
|
| 701 | 1 |
_aИоонукса _bХ. |
|
| 701 | 1 |
_aПайос _bЛ. |
|
| 801 | 0 |
_aRU _bNLR _gpsbo |
|
| 801 | 1 |
_aRU _bELAR _2rusmarc |
|
| 852 |
_aNLR _j71-3/5183 |
||
| 942 | _cBOOK | ||
| 980 | _aNB | ||